[Event "Muensterland Verbandsliga 1819"]
[Site "Germany"]
[Date "2019.05.04"]
[Round "9.4"]
[White "Lanfer, Stefanie"]
[Black "Sicking, Norbert"]
[Result "1-0"]
[WhiteElo "1858"]
[BlackElo "1799"]
[PlyCount "49"]
[EventDate "2018.09.01"]
[EventType "team-tourn"]
[EventRounds "9"]
[EventCountry "GER"]
[SourceTitle "EXT 2020"]
[Source "ChessBase"]
[SourceDate "2019.10.17"]
[SourceVersion "1"]
[SourceVersionDate "2019.10.17"]
[SourceQuality "1"]
[WhiteTeam "Gescher"]
[BlackTeam "Heiden"]
[WhiteTeamCountry "GER"]
[BlackTeamCountry "GER"]

1. e4 c6 2. d4 g6 3. Nc3 Bg7 4. Be3 d6 5. Qd2 Nd7 6. 0-0-0 Qc7 7. f3 a6 8. h4 h5 9. g4 Nb6 10. g5 Bd7 11. Nh3 0-0-0 12. Nf2 e6 13. a4 d5 14. a5 Nc4 15. Bxc4 dxc4 16. Na4 Ne7 17. Nb6+ Kb8 18. Nxc4 e5 19. Nxe5 Bxe5 20. dxe5 Bg4 21. Bb6 Rxd2 22. Bxc7+ Kxc7 23. Rxd2 Bxf3 24. Rg1 Rd8 25. Rg3 1-0

[Event "Muensterland Verbandsliga 1819"]
[Site "Germany"]
[Date "2019.03.16"]
[Round "8.3"]
[White "Lanfer, Stefanie"]
[Black "Hanewinkel, Winfried"]
[Result "0-1"]
[WhiteElo "1858"]
[BlackElo "1919"]
[PlyCount "66"]
[EventDate "2018.09.01"]
[EventType "team-tourn"]
[EventRounds "9"]
[EventCountry "GER"]
[SourceTitle "EXT 2020"]
[Source "ChessBase"]
[SourceDate "2019.10.17"]
[SourceVersion "1"]
[SourceVersionDate "2019.10.17"]
[SourceQuality "1"]
[WhiteTeam "Gescher"]
[BlackTeam "Beelen"]
[WhiteTeamCountry "GER"]
[BlackTeamCountry "GER"]

1. e4 e6 2. d4 d5 3. Nc3 Bb4 4. e5 c5 5. a3 Bxc3+ 6. bxc3 Ne7 7. Qg4 Qc7 8. Bd3 cxd4 9. Ne2 dxc3 10. Qxg7 Rg8 11. Qxh7 Nbc6 12. f4 Bd7 13. a4 0-0-0 14. Qh3 d4 15. 0-0 Nd5 16. a5 f6 17. Bb5 fxe5 18. Bxc6 Bxc6 19. Qxe6+ Kb8 20. g3 Bb5 21. fxe5 Bxe2 22. Rf7 Bg4 23. Rxc7 Bxe6 24. Rc5 Nb4 25. Bf4 Nxc2 26. Rb1 Rd7 27. Rc6 Re8 28. h4 Ka8 29. Rd6 Rxd6 30. exd6 Bd7 31. Kf2 d3 32. Rd1 Re2+ 33. Kf3 Nd4# 0-1

[Event "Muensterland Verbandsklasse 1516"]
[Site "Germany"]
[Date "2016.01.23"]
[Round "5.3"]
[White "Lanfer, Stefanie"]
[Black "Van de Vyle, Jan"]
[Result "1/2-1/2"]
[WhiteElo "1810"]
[BlackElo "1760"]
[PlyCount "42"]
[EventDate "2015.09.19"]
[EventType "team"]
[EventRounds "9"]
[EventCountry "GER"]
[SourceTitle "EXT 2017"]
[Source "ChessBase"]
[SourceDate "2016.10.25"]
[SourceVersion "1"]
[SourceVersionDate "2016.10.25"]
[SourceQuality "1"]
[WhiteTeam "Gescher"]
[BlackTeam "Nienberge II"]
[WhiteTeamCountry "GER"]
[BlackTeamCountry "GER"]

1. e4 e5 2. d4 Nc6 3. d5 Nce7 4. Nc3 Ng6 5. Bd3 Nf6 6. Nge2 Bc5 7. 0-0 0-0 8. Bg5 h6 9. Bd2 a6 10. Qc1 Kh7 11. Be3 Bxe3 12. Qxe3 Nh5 13. g3 d6 14. f3 Qg5 15. Qxg5 hxg5 16. Nd1 Bd7 17. Ne3 Kg8 18. c4 Ne7 19. Rf2 g6 20. Kg2 Ng7 21. Raf1 f6 1/2-1/2

[Event "Muensterland Verbandsklasse 1415"]
[Site "Germany"]
[Date "2014.09.13"]
[Round "1.3"]
[White "Hollnack, Olaf"]
[Black "Lanfer, Stefanie"]
[Result "0-1"]
[WhiteElo "1958"]
[BlackElo "1805"]
[PlyCount "68"]
[EventDate "2014.09.13"]
[EventType "team-tourn"]
[EventRounds "9"]
[EventCountry "GER"]
[SourceTitle "EXT 2016"]
[Source "ChessBase"]
[SourceDate "2015.10.08"]
[SourceVersion "1"]
[SourceVersionDate "2015.10.08"]
[SourceQuality "1"]
[WhiteTeam "Nienberge II"]
[BlackTeam "Gescher"]
[WhiteTeamCountry "GER"]
[BlackTeamCountry "GER"]

1. c4 Nf6 2. Nc3 g6 3. e4 d6 4. g3 Bg7 5. Bg2 e5 6. Nge2 Nc6 7. d3 0-0 8. 0-0 a6 9. a3 Rb8 10. b4 b5 11. cxb5 axb5 12. h3 Nd4 13. Rb1 Be6 14. f4 Qd7 15. Kh2 Ne8 16. Nxd4 exd4 17. Ne2 f5 18. Bb2 c5 19. exf5 gxf5 20. Re1 Nc7 21. bxc5 dxc5 22. Qd2 Nd5 23. Bf3 Bf6 24. Rg1 Ne3 25. g4 fxg4 26. hxg4 Kh8 27. f5 Be5+ 28. Kh1 Bxf5 29. Qxe3 Qe7 30. gxf5 dxe3 31. Bxe5+ Qxe5 32. Be4 Qf6 33. Rg2 Rg8 34. Rh2 Rg4 0-1

[Event "Muensterland Verbandsklasse 1314"]
[Site "Germany"]
[Date "2013.12.21"]
[Round "4.3"]
[White "Wetterau, Georg"]
[Black "Lanfer, Stefanie"]
[Result "1/2-1/2"]
[WhiteElo "1742"]
[BlackElo "1823"]
[PlyCount "76"]
[EventDate "2013.09.21"]
[EventType "team-tourn"]
[EventRounds "9"]
[EventCountry "GER"]
[SourceTitle "EXT 2015"]
[Source "ChessBase"]
[SourceDate "2014.11.20"]
[SourceVersion "1"]
[SourceVersionDate "2014.11.20"]
[SourceQuality "1"]
[WhiteTeam "Nordwalde"]
[BlackTeam "Gescher"]
[WhiteTeamCountry "GER"]
[BlackTeamCountry "GER"]

1. e4 c6 2. d3 d5 3. Nd2 g6 4. c3 Bg7 5. g3 e6 6. Bg2 Ne7 7. f4 0-0 8. Ngf3 a5 9. 0-0 a4 10. Qc2 Nd7 11. Kh1 b5 12. Re1 Ba6 13. e5 c5 14. d4 Rc8 15. a3 Nc6 16. dxc5 Nxc5 17. b4 axb3 18. Nxb3 Nxb3 19. Qxb3 Na5 20. Qb2 Qc7 21. a4 Nc4 22. Qb4 bxa4 23. Qxa4 Ra8 24. Qc2 Bb5 25. Rxa8 Rxa8 26. Nd2 Bf8 27. Nxc4 Bxc4 28. Be3 Ra2 29. Qb1 Qa5 30. Bd4 Qa3 31. g4 Rb2 32. Qd1 Qa2 33. Qf3 Rd2 34. f5 Bd3 35. fxe6 fxe6 36. Qf6 Rxg2 37. Qxe6+ Kh8 38. Qf6+ Kg8 1/2-1/2

[Event "Muensterland Verbandsklasse-B 1213"]
[Site "Germany"]
[Date "2013.05.11"]
[Round "9.3"]
[White "Lanfer, Stefanie"]
[Black "Beckmann, David"]
[Result "1-0"]
[WhiteElo "1745"]
[BlackElo "1909"]
[PlyCount "105"]
[EventDate "2012.09.15"]
[EventType "team-tourn"]
[EventRounds "9"]
[EventCountry "GER"]
[SourceTitle "EXT 2015"]
[Source "ChessBase"]
[SourceDate "2014.11.20"]
[SourceVersion "1"]
[SourceVersionDate "2014.11.20"]
[SourceQuality "1"]
[WhiteTeam "Gescher"]
[BlackTeam "Borken"]
[WhiteTeamCountry "GER"]
[BlackTeamCountry "GER"]

1. e4 e6 2. d4 d5 3. Nc3 Bb4 4. e5 c5 5. a3 Bxc3+ 6. bxc3 Qc7 7. Bd3 Ne7 8. Qg4 cxd4 9. Ne2 Nbc6 10. cxd4 Bd7 11. 0-0 g6 12. Bh6 0-0-0 13. Bg7 h5 14. Qg5 Rh7 15. Bf6 Re8 16. c4 dxc4 17. Bxc4 Ng8 18. Rfc1 Nxf6 19. Qxf6 Kb8 20. Rab1 Ka8 21. Bd3 Qa5 22. Qf3 Rc8 23. Be4 Rc7 24. Rc5 Qa4 25. Bc2 Qa6 26. Bd3 Qa4 27. Rc4 Qxa3 28. Qe4 Rh8 29. Rc3 Qe7 30. Ra1 Rhc8 31. Rca3 Kb8 32. Nc3 Nd8 33. Qe1 b6 34. Ba6 Nb7 35. Bxb7 Rxb7 36. Ne4 Rc2 37. R3a2 Rxa2 38. Rxa2 Rc7 39. Nd6 Bc6 40. f4 g5 41. f5 exf5 42. Nxf5 Qe6 43. Rf2 Qd5 44. Qe3 Qd8 45. Nd6 Bd5 46. Qd2 h4 47. Rf6 g4 48. Nb5 Rc6 49. Nd6 Qc7 50. Rh6 Rc1+ 51. Kf2 Qc2 52. Rh8+ Kc7 53. Rc8+ 1-0

[Event "Muensterland Verbandsklasse-B 1213"]
[Site "Germany"]
[Date "2012.12.15"]
[Round "4.3"]
[White "Lanfer, Stefanie"]
[Black "Hoeing, Johannes"]
[Result "1/2-1/2"]
[WhiteElo "1745"]
[BlackElo "1886"]
[PlyCount "24"]
[EventDate "2012.09.15"]
[EventType "team-tourn"]
[EventRounds "9"]
[EventCountry "GER"]
[SourceTitle "EXT 2015"]
[Source "ChessBase"]
[SourceDate "2014.11.20"]
[SourceVersion "1"]
[SourceVersionDate "2014.11.20"]
[SourceQuality "1"]
[WhiteTeam "Gescher"]
[BlackTeam "Suedlohn II"]
[WhiteTeamCountry "GER"]
[BlackTeamCountry "GER"]

1. e4 Nf6 2. e5 Nd5 3. d4 d6 4. exd6 cxd6 5. c3 g6 6. Bc4 Nb6 7. Bb3 Bg7 8. Ne2 N8d7 9. Bg5 Nf6 10. Nd2 h6 11. Bxf6 Bxf6 12. Ng3 Bg7 1/2-1/2

[Event "Muensterland Verbandsklasse-A 0405"]
[Site "Muensterland"]
[Date "2005.03.05"]
[Round "7.2"]
[White "Meyer, Ulrich"]
[Black "Lanfer, Stefanie"]
[Result "1-0"]
[WhiteElo "1999"]
[BlackElo "1869"]
[PlyCount "61"]
[EventDate "2004.09.11"]
[EventType "team"]
[EventRounds "9"]
[EventCountry "GER"]
[SourceTitle "EXT 2006"]
[Source "ChessBase"]
[SourceDate "2005.11.24"]
[SourceVersion "1"]
[SourceVersionDate "2005.11.24"]
[SourceQuality "1"]
[WhiteTeam "Muenster Indische Dame"]
[BlackTeam "Gesch II"]
[WhiteTeamCountry "GER"]
[BlackTeamCountry "GER"]

1. e4 c6 2. d4 d5 3. f3 dxe4 4. fxe4 Nf6 5. e5 Nd5 6. c4 Nb6 7. Be3 Bf5 8. Nf3 e6 9. Nc3 Be7 10. Be2 0-0 11. 0-0 N8d7 12. c5 Nd5 13. Nxd5 cxd5 14. Qa4 Bg4 15. b4 Bxf3 16. Bxf3 a6 17. Qb3 Bg5 18. a4 Bxe3+ 19. Qxe3 Qe7 20. b5 Rfc8 21. Rac1 Nf8 22. Be2 Qd8 23. bxa6 bxa6 24. Qd2 Qh4 25. Rb1 Ng6 26. Rb7 f5 27. exf6 gxf6 28. g3 Qh3 29. Rxf6 Rf8 30. Qg5 Kh8 31. Bg4 1-0

[Event "Muensterland Verbandsklasse-A 0405"]
[Site "Muensterland"]
[Date "2005.01.22"]
[Round "5.2"]
[White "Berger, Alfred Josef"]
[Black "Lanfer, Stefanie"]
[Result "1/2-1/2"]
[WhiteElo "1850"]
[BlackElo "1869"]
[PlyCount "65"]
[EventDate "2004.09.11"]
[EventType "team"]
[EventRounds "9"]
[EventCountry "GER"]
[SourceTitle "EXT 2006"]
[Source "ChessBase"]
[SourceDate "2005.11.24"]
[SourceVersion "1"]
[SourceVersionDate "2005.11.24"]
[SourceQuality "1"]
[WhiteTeam "Heiden II"]
[BlackTeam "Gesch II"]
[WhiteTeamCountry "GER"]
[BlackTeamCountry "GER"]

1. c4 Nf6 2. Nc3 g6 3. g3 Bg7 4. Bg2 0-0 5. e4 d6 6. Nge2 e5 7. 0-0 Nbd7 8. d3 a5 9. Rb1 Nc5 10. a3 Bd7 11. b4 axb4 12. axb4 Ne6 13. f4 exf4 14. gxf4 Ng4 15. h3 Nh6 16. Be3 f5 17. Qd2 c6 18. e5 dxe5 19. fxe5 f4 20. Nxf4 Nf5 21. Nxe6 Bxe6 22. Bc5 Re8 23. b5 Bxe5 24. bxc6 bxc6 25. Ne4 Bd4+ 26. Bxd4 Qxd4+ 27. Qf2 Rf8 28. Qxd4 Nxd4 29. Nf6+ Kh8 30. Rb7 Rf7 31. Rxf7 Bxf7 32. Nxh7 Be6 33. Rf8+ 1/2-1/2

[Event "Muensterland Verbandsklasse-A 0405"]
[Site "Muensterland"]
[Date "2004.10.02"]
[Round "2.3"]
[White "Holstegge, Ludger"]
[Black "Lanfer, Stefanie"]
[Result "1-0"]
[WhiteElo "1897"]
[BlackElo "1869"]
[PlyCount "71"]
[EventDate "2004.09.11"]
[EventType "team"]
[EventRounds "9"]
[EventCountry "GER"]
[SourceTitle "EXT 2006"]
[Source "ChessBase"]
[SourceDate "2005.11.24"]
[SourceVersion "1"]
[SourceVersionDate "2005.11.24"]
[SourceQuality "1"]
[WhiteTeam "Nordwalde"]
[BlackTeam "Gesch II"]
[WhiteTeamCountry "GER"]
[BlackTeamCountry "GER"]

1. c4 Nf6 2. Nf3 g6 3. Nc3 Bg7 4. e4 d6 5. d4 0-0 6. Bd3 c5 7. d5 Bg4 8. 0-0 Nbd7 9. h3 Bxf3 10. gxf3 Ne5 11. f4 Nxd3 12. Qxd3 Nh5 13. Ne2 Qd7 14. Kg2 e5 15. fxe5 dxe5 16. Be3 b6 17. Rab1 f5 18. f3 Rf7 19. a3 Raf8 20. exf5 Rxf5 21. Ng3 Nf4+ 22. Bxf4 Rxf4 23. Ne4 Rh4 24. Rh1 Qf5 25. b4 cxb4 26. axb4 Bh6 27. d6 Rxe4 28. Qxe4 Qg5+ 29. Kf1 Qg3 30. Rb3 Bg5 31. Qg4 Qf4 32. Qxf4 Rxf4 33. c5 bxc5 34. bxc5 e4 35. c6 exf3 36. c7 1-0